LDR 00947naa#a2200181#i#450# 001 RU\\bibl\19457 005 20260516110851.6 100 ## _a20260515b2026####ek#y0rusy0150####ca 102 ## _aRU 200 1# _aАНАЛИЗ АКТИВНОСТИ АНТИОКСИДАНТНЫХ ФЕРМЕНТОВ В ЛИСТЬЯХ САХАРНОЙ СВЕКЛЫ (BETA VULGARIS L.) В УСЛОВИЯХ СОЛЕВОГО СТРЕССА _eСтатья/тезисы конференции 210 1# _aВоронеж _cВоронежский государственный лесотехнический университет имени Г.Ф. Морозова _d2026 215 ## _a7 с. 608 ## _aСтатья/тезисы конференции _2local 675 ## _aТеория, свойства, факторы и т. п.. 577.0 _z 700 #1 _aМажарина _gА. А. 700 #1 _aСороколетова _gА. С. 700 #1 _aСеливанова _gН. В. 856 4# _abibl.vgltu.ru _u